Boy Scout Merit Badges (Sudden Death) - Statistics

General Stats
  • This quiz has been taken 158 times
  • The average score is 15 of 22
Answers on the Grid
Answers color-coded by a green-red scale on the quiz's grid according to % correct below.
Archery
Camping
Chess
Citizenship in Society
Communication
Cooking
Cosplay Design
Cryptozoology
Disabilities Awareness
Dog Care
Drone Operation
Entrepreneurship
Falconry
Family Life
First Aid
Fishing
Game Design
Gardening
Geology
Hiking
Lighthouse Keeping
Nuclear Science
Parkour
Personal Fitness
Plumbing
Pottery
Robotics
Sushi Preparation
Swimming
Wizardry
 
Answer Stats
Answer % Correct
Archery
95%
Camping
90%
Cooking
89%
Citizenship in Society
82%
Communication
80%
First Aid
80%
Fishing
78%
Hiking
78%
Swimming
77%
Chess
72%
Personal Fitness
72%
Geology
69%
Gardening
66%
Family Life
64%
Entrepreneurship
63%
Pottery
63%
Disabilities Awareness
59%
Robotics
56%
Dog Care
53%
Game Design
48%
Nuclear Science
43%
Plumbing
42%
No matching quizzes found
Score Distribution
Percent of People with Each Score
Percentile by Number Answered
Your Score History
You have not taken this quiz